Normal view
MARC view
Entry Personal Name
001 - CONTROL NUMBER
- control field: 12917
003 - CONTROL NUMBER IDENTIFIER
- control field: OSt
005 - DATE AND TIME OF LATEST TRANSACTION
- control field: 20211012144822.0
008 - FIXED-LENGTH DATA ELEMENTS
- fixed length control field: 211012|| aca||aabn | a|a d
040 ## - CATALOGING SOURCE
- Original cataloging agency: OSt
- Transcribing agency: OSt
100 ## - HEADING--PERSONAL NAME
- Personal name: Birgit Negussie
670 ## - SOURCE DATA FOUND
- Source citation: Work cat.: (OSt)11986: Birgit Negussie, Traditional Wisdom and Modern Development , 1988